Növényi olajok szerepe a postagalambok takarmányozásában
Elmentve itt :
| Szerző: | |
|---|---|
| További közreműködők: | |
| Dokumentumtípus: | Szakdolgozat |
| Megjelent: |
1998
|
| Kulcsszavak: | Takarmányozás Galambtenyésztés |
| Tárgyszavak: | |
| Online Access: | http://diploma.bibl.u-szeged.hu/100301 |
| LEADER | 00779nta a2200241 i 4500 | ||
|---|---|---|---|
| 001 | dipl100301 | ||
| 005 | 20220114095133.0 | ||
| 008 | 211217s1998 hu om 0|| hun d | ||
| 040 | |a SZTE Diploma Repozitórium |b hun | ||
| 041 | |a hun | ||
| 100 | 1 | |a Mihalik Csaba | |
| 245 | 1 | 0 | |a Növényi olajok szerepe a postagalambok takarmányozásában |h [elektronikus dokumentum] / |c Csaba Mihalik |
| 260 | |c 1998 | ||
| 300 | |a 49 | ||
| 650 | 4 | |a Agrár | |
| 650 | 4 | |a Agricultural sciences | |
| 650 | 4 | |a Animal and Dairy science | |
| 650 | 4 | |a Husbandry | |
| 695 | |a Takarmányozás | ||
| 695 | |a Galambtenyésztés | ||
| 700 | 0 | 2 | |a Szűcsné Péter Judit |e ths |
| 700 | 0 | 2 | |a Vercseg János |e ths |
| 856 | 4 | 0 | |u https://diploma.bibl.u-szeged.hu/id/eprint/100301/1/1998_mihalik_csaba.pdf |z Dokumentum-elérés |